Soil engineering in theory and practice - Volume 1 (Record no. 593699)
[ view plain ]
| 000 -LEADER | |
|---|---|
| fixed length control field | 00476nam a22001577a 4500 |
| 020 ## - INTERNATIONAL STANDARD BOOK NUMBER | |
| International Standard Book Number | 812390276X |
| 082 ## - DEWEY DECIMAL CLASSIFICATION NUMBER | |
| Classification number | 624.151 |
| Author Mark | SIN |
| 100 ## - MAIN ENTRY--PERSONAL NAME | |
| Personal name | Singh, Alam |
| 245 ## - TITLE STATEMENT | |
| Title | Soil engineering in theory and practice - Volume 1 |
| 250 ## - EDITION STATEMENT | |
| Edition statement | 4th |
| Remainder of edition statement | Vol-1 |
| 260 ## - PUBLICATION, DISTRIBUTION, ETC. | |
| Place of publication, distribution, etc. | New Delhi: |
| Name of publisher, distributor, etc. | CBS Publishers; |
| Date of publication, distribution, etc. | 2002. |
| 504 ## - BIBLIOGRAPHY, ETC. NOTE | |
| Bibliography, etc. note | Includes bibliographies. |
| 650 ## - SUBJECT ADDED ENTRY--TOPICAL TERM | |
| Topical term or geographic name entry element | Soil mechanics. Soils. Civil engineering. |
| 942 ## - ADDED ENTRY ELEMENTS (KOHA) | |
| Source of classification or shelving scheme | |
| Koha item type | Book |
| 650 ## - SUBJECT ADDED ENTRY--TOPICAL TERM | |
| -- | 18427 |
| Withdrawn status | Lost status | Source of classification or shelving scheme | Damaged status | Not for loan | Permanent Location | Current Location | Date acquired | Total Checkouts | Full call number | Barcode | Date last seen | Date last checked out | Price effective from | Koha item type |
|---|---|---|---|---|---|---|---|---|---|---|---|---|---|---|
| School of Civil and Environmental Engineering (SCEE) | School of Civil and Environmental Engineering (SCEE) | 03/14/2023 | 1 | 624.151 SIN | NIT-13642 | 06/02/2023 | 03/20/2023 | 03/14/2023 | Book |
